| 000 | 00623nam a22001937a 4500 | ||
|---|---|---|---|
| 999 |
_c57486 _d57486 |
||
| 005 | 20221107123338.0 | ||
| 008 | 200625s2013 eng||||| |||| 00| 0 enk d | ||
| 020 | _a9780723436959 X | ||
| 041 | _aeng | ||
| 080 | _a616.31-053 H-22 | ||
| 245 |
_aHandbook of pediatric dentistry / _ceDited by Angus C Cameron, Richard P Widmer. |
||
| 264 |
_aEdinburg : _bElsevier, _c2013. |
||
| 300 |
_a542 p. _b25 cm. |
||
| 653 | _aსტომატოლოგია | ||
| 653 | _aპედიატრია | ||
| 653 | _aმედიცინა | ||
| 700 |
_aWidmer, R. P. _eრედაქტორი _98816 |
||
| 942 |
_2udc _cBK |
||